000 00245nam a22000977a 4500
999 _c11725
_d11725
008 200113b ||||| |||| 00| 0 eng d
020 _a978054528544
100 _aStamper
_97414
245 _aRocks and Minerals
260 _aNew York
_bScholastic
_c2010